[Event "BL2-W9293"]
[Site "Germany"]
[Date "1993.??.??"]
[Round "?"]
[White "Alber, Horst"]
[Black "Staller, Peter"]
[Result "0-1"]
[WhiteElo "2315"]
[BlackElo "2375"]

1.d4 Nf6 2.c4 e6 3.Nf3 b6 4.a3 Bb7 5.Nc3 d5 6.cxd5 exd5 7.Bg5 Be7 8.e3 O-O
9.Qc2 Nbd7 10.Rd1 Re8 11.Bb5 a6 12.Ba4 c6 13.O-O Ne4 14.Bf4 Nd6 15.Bxd6 Bxd6
16.e4 dxe4 17.Nxe4 Nf6 18.Nc5 Bxc5 19.dxc5 Qc7 20.h3 bxc5 21.Bb3 h6 22.Rfe1 c4
23.Qxc4 c5 24.Ne5 Re7 25.f4 Rb8 26.Bc2 a5 27.Bb1 Ba8 28.Qc2 g6 29.Ba2 Kf8
30.Qc3 Rb6 31.Qxa5 Bxg2 32.Nc4 Be4 33.Qxb6 Qxf4 34.Rxe4 Qg3+ 35.Kf1 Nxe4
36.Rd2 Nxd2+  0-1

[Event "Haifa"]
[Site "Haifa"]
[Date "1993.??.??"]
[Round "?"]
[White "Greenfeld, Alon"]
[Black "Alterman, Vladimir I"]
[Result "1-0"]
[WhiteElo "2560"]
[BlackElo "2405"]

1.d4 Nf6 2.Nf3 b6 3.c4 e6 4.a3 Ba6 5.Qc2 c5 6.e4 cxd4 7.Nxd4 Bc5 8.Nb3 Be7
9.Be2 Nc6 10.Bf4 d6 11.Nc3 Bb7 12.Rd1 Qb8 13.c5 e5 14.cxd6 exf4 15.dxe7 Nxe7
16.Bb5+ Kf8 17.O-O f3 18.gxf3 h5 19.Be2 Rh6 20.Nb5 Ne8 21.Kh1 a6 22.Nc3 Qe5
23.Rg1 g5 24.Qd2 Rg6 25.Qd4 Qf4 26.Qe3 Qe5 27.Nc1 Nd6 28.Nd3 Qg7 29.Qxb6 Bc6
30.Nb4 Nxe4 31.Nxe4  1-0

[Event "Havana op"]
[Site "Havana"]
[Date "1993.??.??"]
[Round "?"]
[White "Li, Manuel"]
[Black "Diaz, Augusto"]
[Result "1-0"]
[WhiteElo "2320"]
[BlackElo "2285"]

1.d4 Nf6 2.c4 e6 3.Nf3 b6 4.a3 Ba6 5.Qc2 c5 6.e4 cxd4 7.Nxd4 d6 8.Nc3 Nbd7
9.Be2 Rc8 10.Ndb5 Bxb5 11.Nxb5 a6 12.Nc3 Be7 13.O-O O-O 14.Be3 Qc7 15.f4 Qb8
16.Rac1 Rc7 17.g4 Rfc8 18.g5 Ne8 19.Qd1 Qb7 20.f5 Rc6 21.fxe6 fxe6 22.Bg4 Nc7
23.Nd5 exd5 24.Bxd7 dxc4 25.Qg4 Rd8 26.Qf5 Rf8 27.Bxc6 Qxc6 28.Qg4 Re8 29.g6 Bf6
30.gxh7+ Kh8 31.Rxf6 gxf6 32.Bd4 d5 33.Rf1 Kxh7 34.Rxf6 Qxf6 35.Bxf6 Rg8
36.Bg5  1-0

[Event "Heraklio op"]
[Site "Heraklio"]
[Date "1993.??.??"]
[Round "2"]
[White "Khenkin, Igor"]
[Black "Klarenbeek, Mark"]
[Result "1-0"]
[WhiteElo "2570"]
[BlackElo "2405"]

1.d4 e6 2.c4 Nf6 3.Nf3 b6 4.a3 Bb7 5.Nc3 d5 6.cxd5 Nxd5 7.e3 Nxc3 8.bxc3 Nd7
9.Bd3 c5 10.e4 Be7 11.O-O O-O 12.Bf4 b5 13.Qb1 a6 14.a4 b4 15.a5 cxd4 16.cxd4 Bc6
17.Rc1 Bb5 18.Bxb5 axb5 19.Bc7 Qc8 20.Bd6 Bxd6 21.Rxc8 Rfxc8 22.e5 Be7 23.h4 Rc4
24.Qd3 Rb8 25.a6 Rc3 26.Qe4 Nb6 27.a7 Ra8 28.Qb7 Bd8 29.Kh2 h6 30.Ra6 Ra3
31.Nd2 Kh7 32.Rxb6 R3xa7 33.Qe4+  1-0

[Event "Heraklio op"]
[Site "Heraklio"]
[Date "1993.??.??"]
[Round "9"]
[White "Cramling, Pia"]
[Black "Kalesis, Nikolaos"]
[Result "1-0"]
[WhiteElo "2525"]
[BlackElo "2410"]

1.d4 Nf6 2.c4 e6 3.Nf3 b6 4.a3 Ba6 5.Qc2 Bb7 6.Nc3 c5 7.e4 cxd4 8.Nxd4 d6
9.Be2 a6 10.Be3 Nbd7 11.O-O Be7 12.f4 Qc8 13.b4 O-O 14.g4 g6 15.g5 Ne8 16.Qd2 Ng7
17.f5 Bd8 18.f6 Ne8 19.Nf3 Bc6 20.Rac1 Qb7 21.Nd4 Ne5 22.Nxc6 Qxc6 23.Qe1 Rc8
24.Qh4 h5 25.Bd4 Nxc4 26.Bxh5 Ne5 27.Bxe5 dxe5 28.Bxg6 fxg6 29.f7+ Rxf7 30.Rxf7 Kxf7
31.Qh7+ Ng7 32.Rf1+ Ke8 33.Qxg6+ Kd7 34.Qxg7+ Be7 35.Rd1+ Ke8 36.Qg6+  1-0

[Event "Herzliya"]
[Site "Herzliya"]
[Date "1993.??.??"]
[Round "3"]
[White "Gofshtein, Leonid D"]
[Black "Gruenfeld, Yehuda"]
[Result "1/2-1/2"]
[WhiteElo "2540"]
[BlackElo "2535"]

1.d4 Nf6 2.c4 e6 3.Nf3 b6 4.a3 Bb7 5.Nc3 d5 6.cxd5 exd5 7.Qa4+ c6 8.Bg5 Be7
9.e3 O-O 10.Be2 Ne4 11.Bxe7 Qxe7 12.Rc1 Nd7 13.O-O Rfd8 14.Rfd1 c5 15.Bb5 Nxc3
16.Rxc3 Nf6 17.dxc5 bxc5 18.Ba6 Rab8 19.Bxb7 Rxb7 20.b3 h6 21.h3 Rdb8 22.Nd2  1/2-1/2

[Event "HUN-chT"]
[Site "HUN"]
[Date "1993.??.??"]
[Round "?"]
[White "Balazs, Tibor Jr"]
[Black "Pogats, Jozsef"]
[Result "0-1"]
[WhiteElo "2240"]
[BlackElo "2260"]

1.d4 Nf6 2.Nf3 b6 3.c4 e6 4.a3 Bb7 5.Nc3 d5 6.cxd5 Nxd5 7.e3 Nxc3 8.bxc3 Nd7
9.Bd3 c5 10.Bb5 a6 11.Bd3 Be7 12.O-O O-O 13.e4 Re8 14.Bf4 Bf8 15.Qe2 g6 16.Rfd1 cxd4
17.cxd4 Bg7 18.Rac1 b5 19.Bb1 Rc8 20.Rxc8 Qxc8 21.Rc1 Qa8 22.Rc7 Nf6 23.Nd2 Rc8
24.Rxc8+ Qxc8 25.Nb3 Bf8 26.f3 Bxa3 27.Be3 Nd7 28.Na5 Ba8 29.Qd3 Bb4 30.Nb3 Qc3
31.g3 Qxd3 32.Bxd3 Kf8 33.Bg5 f6 34.Bf4 e5 35.Be3 Ke7 36.f4 Kd6 37.Kf1 Bc3
38.d5 Bb4 39.Ba7 f5 40.exf5 Bxd5 41.fxe5+ Kxe5 42.fxg6 hxg6 43.Nd4 Bc5 44.Nxb5 axb5
45.Bxc5 Nxc5 46.Bxb5 g5 47.Be2 Ne4 48.Bg4 Nf6 49.Bc8 Be6 50.Ba6 g4 51.Bb7 Kd4
52.Kg2 Ke3 53.Bc6 Ne4 54.Bb7 Ng5 55.Bc6 Bf5 56.Bb5 Be4+ 57.Kf1 Bd3+ 58.Bxd3 Kxd3
59.Kf2 Nh3+ 60.Kg2 Ke2 61.Kh1 Ng5 62.Kg2 Ke3 63.Kh1 Kf2 64.h3 Nxh3 65.Kh2 Ng5  0-1

[Event "HUN-chT"]
[Site "HUN"]
[Date "1993.??.??"]
[Round "?"]
[White "Szabolcsi, Janos"]
[Black "Lengyel, Levente"]
[Result "1-0"]
[WhiteElo "2380"]
[BlackElo "2385"]

1.d4 Nf6 2.c4 e6 3.Nf3 b6 4.a3 Ba6 5.Qc2 Bb7 6.Nc3 c5 7.e4 cxd4 8.Nxd4 Bc5
9.Nb3 Nc6 10.Be2 Nd4 11.Nxd4 Bxd4 12.Nb5 Be5 13.f3 Qb8 14.g3 O-O 15.Be3 Rc8
16.Qb3 a6 17.Nc3 d5 18.cxd5 exd5 19.Nxd5 Nxd5 20.exd5 b5 21.f4 Bf6 22.Kf2 Qd6
23.Rhd1 Rc7 24.Rd2 Re8 25.Bf3 Rce7 26.Re1 g6 27.Ree2 h5 28.Qb4 Qd7 29.Bd4 Rxe2+
30.Rxe2 Be7 31.Bc5 Bf6 32.Qd2 Qc8 33.b4 Qh3 34.Ke1 Qf5 35.Kf2 h4 36.g4 Qd7
37.h3  1-0

[Event "HUN-chT"]
[Site "HUN"]
[Date "1993.??.??"]
[Round "?"]
[White "Szabolcsi, Janos"]
[Black "Dely, Peter"]
[Result "1/2-1/2"]
[WhiteElo "2380"]
[BlackElo "2420"]

1.d4 Nf6 2.Nf3 e6 3.c4 b6 4.a3 d5 5.cxd5 exd5 6.Nc3 Be7 7.Qa4+ c6 8.Ne5 Bb7
9.g3 O-O 10.Bg2 b5 11.Qc2 Nbd7 12.f4 c5 13.dxc5 Nxc5 14.Be3 Nce4 15.Nxe4 dxe4
16.Nc6 Bxc6 17.Qxc6 Qa5+ 18.Bd2 Qa4 19.Rc1 Rad8 20.Qc2 Qd4 21.e3 Qd6 22.Ba5 Qd3
23.Qxd3 Rxd3 24.Ke2 Rb3 25.Bc3 Nd5 26.Bd4 Bf6 27.Bxe4 Bxd4 28.Bxd5 Rxe3+
29.Kd2 Re7 30.Rc2 Rd8 31.Kc1 g6 32.Bb3 Kg7 33.Kb1 Bb6 34.Rhc1 Rdd7 35.Rf1 Re3
36.Ba2 Red3 37.Re2 Rd2 38.Rfe1 Bd8 39.Bb3 Bf6 40.Bc2 h5  1/2-1/2

[Event "HUN-chT"]
[Site "HUN"]
[Date "1993.??.??"]
[Round "?"]
[White "Jakobetz, Laszlo"]
[Black "Volosin, Vladimir"]
[Result "1/2-1/2"]
[WhiteElo "2350"]
[BlackElo "2310"]

1.d4 Nf6 2.Nf3 e6 3.c4 b6 4.a3 Bb7 5.Nc3 d5 6.cxd5 exd5 7.g3 Be7 8.Qa4+ c6
9.Bg2 Nbd7 10.O-O O-O 11.Bg5 Ne4 12.Bf4 g5 13.Be3 Nd6 14.Rad1 Nc4 15.Bc1 f5
16.Qc2 b5 17.Nd2 Nd6 18.Nf3 Nc4 19.Nd2 Nd6 20.Nf3 Bf6 21.b3 Qe7 22.Bb2 Rae8
23.e3 Rf7 24.Na2 a5 25.Nc1 g4 26.Nd2 h5 27.h4 gxh3 28.Bxh3 h4 29.Ne2 Bg5
30.Kg2 hxg3 31.Nxg3 f4 32.exf4 Bxf4 33.Rde1 Qf6 34.Rxe8+ Nxe8 35.Nf3 Ng7
36.Nh2 Qg5 37.Qd1 Bxg3 38.fxg3 Rxf1 39.Nxf1 Nf6 40.Bc1 Qg6 41.Qe2 Ne4 42.Qg4  1/2-1/2

[Event "HUN-chT"]
[Site "HUN"]
[Date "1993.??.??"]
[Round "?"]
[White "Horvath, Csaba"]
[Black "Lengyel, Levente"]
[Result "1/2-1/2"]
[WhiteElo "2490"]
[BlackElo "2385"]

1.d4 Nf6 2.c4 e6 3.Nf3 b6 4.a3 Bb7 5.Nc3 d5 6.cxd5 Nxd5 7.Bd2 Be7 8.Qc2 c5
9.dxc5 bxc5 10.e4 Nxc3 11.Bxc3 O-O 12.Rd1 Qc7 13.Bd3 Nd7 14.O-O Rfd8 15.Qe2 Rac8
16.Bb5 Bf6 17.Bxd7 Rxd7 18.Bxf6 Rxd1 19.Rxd1 gxf6 20.Qe3 Rd8 21.Re1 Kg7 22.h4 h6
23.Rc1 Rc8 24.Rc3 a5 25.Nd2 a4 26.Qe2 Kh7 27.Qh5 Qe7 28.Rg3 Rd8 29.Qg4 Qf8
30.Qf4 Qe7 31.Nf3 Rg8 32.Rxg8 Kxg8 33.e5 Kg7 34.Qg4+ Kh7 35.Qf4 Kg7 36.Qg4+ Kh7
37.Qf4 Kg7 38.Qg4+  1/2-1/2

[Event "ISL-ch"]
[Site "?"]
[Date "1993.??.??"]
[Round "8"]
[White "Olafsson, Helgi"]
[Black "Jonsson, Bjorgvin"]
[Result "1/2-1/2"]
[WhiteElo "2530"]
[BlackElo "2405"]

1.d4 Nf6 2.c4 e6 3.Nf3 b6 4.a3 Ba6 5.Qc2 c6 6.e4 d5 7.Nbd2 Be7 8.Bd3 dxe4
9.Nxe4 Nbd7 10.O-O Bb7 11.Nxf6+ Bxf6 12.Bf4 g6 13.Rad1 O-O 14.Rfe1 Qc8 15.h4 Bg7
16.h5 c5 17.hxg6 hxg6 18.Ng5 Nf6 19.d5 exd5 20.Re7 Ne4 21.Bxe4 dxe4 22.Nxe4 Bxe4
23.Qxe4 Re8 24.b3 Rxe7 25.Qxe7 Qg4 26.Rd8+ Rxd8 27.Qxd8+ Kh7 28.g3 Qe6 29.Qd5 Qe7
30.Kg2 Bd4 31.Bd6 Qf6 32.f3 Kg7 33.b4 Kg8 34.Kh3 Qh8+ 35.Kg2 Qf6 36.b5 Ba1
37.Qa8+ Kh7 38.Qf8 Qf5 39.Bb8  1/2-1/2

[Event "ISL-ch"]
[Site "?"]
[Date "1993.??.??"]
[Round "11"]
[White "Bjarnason, Saevar"]
[Black "Jonsson, Bjorgvin"]
[Result "1/2-1/2"]
[WhiteElo "2290"]
[BlackElo "2405"]

1.d4 Nf6 2.c4 e6 3.Nf3 b6 4.a3 Ba6 5.Qc2 Be7 6.e4 d5 7.e5 Nfd7 8.cxd5 Bxf1
9.Kxf1 exd5 10.Nc3 Nf8 11.Be3 Ne6 12.Rd1 Qd7 13.h4 Nc6 14.g3 Na5 15.Kg2 Nc4
16.Bc1 h5 17.Ne2 a5 18.a4 b5 19.b3 Nb6 20.axb5 Qxb5 21.Nf4 Kd7 22.Nxe6 fxe6
23.Bg5 Rae8 24.Rc1 c6 25.Ra1 Rhf8 26.Rhc1 Rc8 27.Bxe7 Kxe7 28.Qc5+ Qxc5 29.Rxc5 a4
30.bxa4 Nc4 31.Ra2 Kd7 32.Nd2 Nxd2 33.Rxd2 Ra8 34.a5 Rfb8 35.Kf3 Rb5 36.Rxb5 cxb5
37.Kf4 Rxa5 38.Kg5 b4 39.Rb2 Ra4 40.Kxh5 Kc6 41.Rc2+ Kb5 42.Rc5+ Kb6 43.Rc1 Kb5
44.Kg6 b3 45.Kxg7 Rxd4 46.h5 Rc4 47.Rb1 Kb4 48.h6 Rc7+ 49.Kg6 d4 50.h7 Rc8
51.Kh6 d3 52.g4 d2 53.g5 Rc1 54.h8=Q Rxb1 55.Qf8+ Kc3 56.Qf3+ Kc2 57.Qe4+ Kb2
58.Qd4+ Kc2 59.Qe4+  1/2-1/2

[Event "Jakarta Interzonal (Women)"]
[Site "Jakarta"]
[Date "1993.??.??"]
[Round "?"]
[White "Gurieli, Nino"]
[Black "Maric, Alisa"]
[Result "0-1"]
[WhiteElo "2355"]
[BlackElo "2405"]

1.d4 Nf6 2.c4 e6 3.Nf3 b6 4.a3 Bb7 5.Nc3 d5 6.cxd5 Nxd5 7.Bd2 Be7 8.Qc2 Nxc3
9.Bxc3 O-O 10.e4 Qc8 11.Bd3 Nd7 12.O-O c5 13.Qe2 cxd4 14.Bxd4 Nc5 15.Rac1 Qb8
16.Bxc5 Bxc5 17.b4 Be7 18.Ba6 b5 19.Bxb5 Bxe4 20.Nd4 Bd5 21.Bc6 Bxc6 22.Nxc6 Qb7
23.Qc4 Bg5 24.Rc2 h6 25.g3 Rfc8 26.a4 Kh8 27.Rd1 Rc7 28.h4 Bf6 29.b5 a6 30.Rb1 Rac8
31.Rb3 axb5 32.axb5 Ra8 33.Rb1 Qb6 34.Qc5 Rb7 35.Qd6 Be7 36.Qf4 Bf6 37.Kg2 Ra3
38.Qe4 Ra8 39.Rd2 Rc8 40.Ra2 Qc5 41.Ne5 Qd5 42.Qxd5 exd5 43.Nc6 Kh7 44.Ra6 Bd8
45.Kf3 Bb6 46.Rd1 Bc5 47.Rb1 Bb6 48.h5 Re8 49.Rd1 Re6 50.Rxd5 Rf6+ 51.Kg4 Rxf2
52.Ra8 g6 53.hxg6+ fxg6 54.Rb8 h5+ 55.Kh3 Rxb8 56.Nxb8 Rb2 57.Nd7 Bg1 58.Kh4 Kh6
59.g4 g5+ 60.Kg3 h4+ 61.Kf3 h3 62.Rd6+ Kg7 63.Rd5 Rb3+ 64.Ke2 Be3 65.Rd1 h2
66.Rh1 Bg1 67.b6 Rb5 68.Kf3 Kf7 69.Ke4 Ke7 70.Ne5 Ke6 71.Nc4 Rb3 72.Nd2 Rxb6
73.Kd3 Kd5 74.Ke2 Re6+ 75.Kd1 Rf6 76.Ke2 Rf2+ 77.Ke1 Ke5 78.Nf1 Rg2 79.Nd2 Kf4  0-1

[Event "Jyvaskyla op"]
[Site "Jyvaskyla"]
[Date "1993.??.??"]
[Round "8"]
[White "Norri, Joose"]
[Black "Tsiganova, Monika"]
[Result "1/2-1/2"]
[WhiteElo "2405"]
[BlackElo "2300"]

1.d4 Nf6 2.c4 e6 3.Nf3 b6 4.a3 d5 5.Nc3 Be7 6.cxd5 Nxd5 7.e4 Nxc3 8.bxc3 c5
9.Bb5+ Bd7 10.Bd3 Nc6 11.O-O O-O 12.Bb2 Qc7 13.Re1 Na5 14.Qe2 Rad8 15.h4 Qf4
16.g3 Qg4 17.Qe3 cxd4 18.cxd4 f6 19.Rad1 Ba4 20.Rc1 Rd7 21.Bf1 Rfd8 22.Kh2 Qg6
23.Bh3 Rd6 24.Rc7 Qe8 25.d5 e5 26.Rec1 Nb3 27.R1c4 Nc5 28.Rxa7 Bd7 29.Bxd7 R6xd7
30.Rxd7 Qxd7 31.Nd2 Ra8 32.Kg2 Bd6 33.Rc2 Qa4 34.Rc4 Qa6 35.Bc1 Nb7 36.Rc6 Bc5
37.Qf3 Nd8 38.Rc7 Ra7 39.Rxa7 Qxa7 40.h5 Nf7 41.Nf1 Qa4 42.h6 Qc2 43.Bd2 Nd6
44.Be3 Bxe3 45.Nxe3 Qxe4 46.Qxe4 Nxe4 47.Nc4 b5 48.f3 Nc5 49.Nd6 gxh6 50.Kh3 Kg7
51.Kg4 Kg6 52.f4 h5+ 53.Kf3 exf4 54.gxf4 h4 55.Nxb5 h3 56.Nd4 f5 57.Kg3 Nd3
58.Ne2 Kf6 59.Kxh3 Ke7 60.Kg3 Kd6 61.Nc3 h5 62.a4 h4+ 63.Kf3 h3 64.a5 h2
65.Kg2 Nxf4+ 66.Kxh2  1/2-1/2

[Event "Katerini GP"]
[Site "Katerini"]
[Date "1993.??.??"]
[Round "4"]
[White "Arduman, Can"]
[Black "Skembris, Spyridon"]
[Result "1/2-1/2"]
[WhiteElo "2355"]
[BlackElo "2545"]

1.d4 Nf6 2.c4 e6 3.Nf3 b6 4.a3 Ba6 5.e3 c5 6.Nc3 Be7 7.Bd3 O-O 8.d5 exd5
9.cxd5 d6 10.O-O Nfd7 11.e4 Bxd3 12.Qxd3 a6 13.a4 Ra7 14.Bf4 f6 15.Nd2 Ne5
16.Qe2 Nbd7 17.Bg3 Re8 18.f4 Nf7 19.Qc4 Bf8 20.Kh1 Qb8 21.b3 Qb7 22.Qd3 Raa8
23.Nc4 Qc7 24.Qf3 Rab8 25.Na3 Qc8 26.h3 Rb7 27.Rfc1 Qd8 28.Qd3 Ra7 29.Rab1 Ra8
30.Nc2 Qe7 31.Re1 Rec8 32.Ne3 Qe8 33.Nc4 Qd8 34.e5 dxe5 35.fxe5 fxe5 36.Nxe5 Ndxe5
37.Bxe5 Qd7 38.Bg3 Rd8 39.Rbd1 Bd6 40.Re6 b5 41.Bxd6 Nxd6 42.axb5 axb5 43.Ne4 c4
44.bxc4 bxc4 45.Qd4 Nxe4 46.Rxe4 Rac8 47.Qc3 Qc7 48.Red4 Rb8 49.Re4  1/2-1/2

[Event "Katerini GP"]
[Site "Katerini"]
[Date "1993.??.??"]
[Round "9"]
[White "Oreopoulos, Konstantinos"]
[Black "Rajkovic, Dusan"]
[Result "0-1"]
[WhiteElo "2255"]
[BlackElo "2455"]

1.d4 Nf6 2.Nf3 e6 3.c4 b6 4.a3 Ba6 5.Qc2 Bb7 6.Nc3 c5 7.e4 cxd4 8.Nxd4 d6
9.Be2 Nbd7 10.O-O a6 11.Be3 Be7 12.Rfd1 O-O 13.f3 Qc7 14.Rac1 Rac8 15.Bf1 Rfe8
16.Qf2 Qb8 17.b4 h6 18.Kh1 Bd8 19.Nb3 Bc7 20.g3 Ba8 21.Bd4 Bd8 22.Re1 Nf8
23.Na4 N6d7 24.Qb2 g5 25.h4 Ng6 26.hxg5 hxg5 27.Rc2 Nde5 28.Nd2 Kg7 29.Bxe5+ dxe5
30.Nb3 f5 31.Rd2 Rh8+ 32.Kg1 Bf6 33.Rd7+ Ne7 34.Qf2 Bc6 35.Nxb6 Bxd7 36.Nxd7 Qc7
37.Ndc5 Kf7 38.Nxa6 Qd8 39.b5 g4 40.fxg4 f4 41.Qf3 Qg8 42.Nbc5 Ng6 43.g5 Be7
44.Nd3 Qh7 45.Re2 Rxc4 46.Nxe5+ Nxe5 47.Qxf4+ Kg6 48.Qxe5 Qh1+ 49.Kf2 Rf8+
50.Ke3 Qf3+ 51.Kd2  0-1

[Event "Katowice op"]
[Site "Katowice"]
[Date "1993.??.??"]
[Round "2"]
[White "Wieczorek, Zbigniew"]
[Black "Pieniazek, Artur"]
[Result "1/2-1/2"]
[WhiteElo "2270"]
[BlackElo "2420"]

1.d4 Nf6 2.c4 e6 3.Nf3 b6 4.a3 Bb7 5.Nc3 d5 6.cxd5 Nxd5 7.Qa4+ Nd7 8.Nxd5 Bxd5
9.Bg5 Be7 10.Bxe7 Qxe7 11.Ne5 a6 12.Qxd7+ Qxd7 13.Nxd7 Kxd7 14.f3 c5 15.dxc5 bxc5
16.O-O-O Kc6 17.Rd3 e5 18.e4 Be6 19.Rd2 a5 20.a4 Rhd8 21.Bb5+ Kb6 22.Rhd1 Rd4
23.Rxd4 cxd4 24.Kd2 Rc8 25.Ra1 Kc5 26.Ba6 Rb8 27.Rc1+ Kd6 28.Bb5 Bd7 29.b4 axb4
30.Bxd7 Kxd7 31.Rc5 f6 32.Rd5+ Ke6 33.Kc2 f5 34.Kb3 fxe4 35.fxe4 g5 36.a5 g4
37.a6 Ra8 38.Ra5 d3 39.a7 Kd6 40.Kxb4 d2 41.Rd5+ Ke6 42.Rxd2 Rxa7 43.h3 gxh3
44.gxh3 Rc7 45.Ra2 Rd7 46.Kc5 Rd4 47.Ra6+ Kf7 48.Rh6 Kg7 49.Re6 Rxe4 50.Kd5 Rh4
51.Kxe5 Rxh3 52.Kf4  1/2-1/2

[Event "Kilkenny op"]
[Site "Kilkenny"]
[Date "1993.??.??"]
[Round "3"]
[White "Short, Philip M"]
[Black "Carton, Niall"]
[Result "1/2-1/2"]
[WhiteElo "2300"]
[BlackElo "2240"]

1.d4 Nf6 2.Nf3 e6 3.c4 b6 4.a3 Bb7 5.Nc3 Be7 6.d5 d6 7.e4 e5 8.Be2 O-O 9.O-O Ne8
10.Be3 g6 11.Bh6 Ng7 12.Qd2 Nd7 13.b4 Bc8 14.Ne1 f5 15.exf5 gxf5 16.f4 Rf6
17.fxe5 dxe5 18.Nf3 Rg6 19.Rae1 a5 20.Nb5 Ba6 21.Bd1 Bxb5 22.cxb5 Bd6 23.Bg5 Qf8
24.Nh4 axb4 25.a4 Nc5 26.Nxg6 hxg6 27.Qxb4 Nd3 28.Qh4 f4 29.Bg4 Nxe1 30.Rxe1 Nf5
31.Bxf5 Qxf5 32.Bf6 Kf7 33.Bd8 Rxa4 34.Qh7+ Kf8 35.Bxc7  1/2-1/2

[Event "Komotini GP"]
[Site "Komotini"]
[Date "1993.??.??"]
[Round "9"]
[White "Gurieli, Nino"]
[Black "Arnason, Jon L"]
[Result "1/2-1/2"]
[WhiteElo "2355"]
[BlackElo "2530"]

1.d4 Nf6 2.c4 e6 3.Nf3 b6 4.a3 Ba6 5.Qc2 Bb7 6.Nc3 c5 7.e4 cxd4 8.Nxd4 Bc5
9.Nb3 Nc6 10.Nxc5 bxc5 11.Bd3 d6 12.O-O Rb8 13.Rb1 Ba8 14.f3 O-O 15.Bg5 h6
16.Bh4 g5 17.Bf2 Nh5 18.Ne2 Qf6 19.Qc3 Qxc3 20.Nxc3 Nf4 21.Rfd1 Rfd8 22.Bf1 a6
23.Na2 Rb3 24.Nc1 Rb7 25.Na2 Rb3  1/2-1/2

[Event "Las Palmas2"]
[Site "Las Palmas"]
[Date "1993.??.??"]
[Round "?"]
[White "Brito, Alfredo"]
[Black "Gonzalez Garcia, Jose"]
[Result "1-0"]
[WhiteElo "2370"]
[BlackElo "2330"]

1.d4 Nf6 2.c4 e6 3.Nf3 b6 4.a3 Ba6 5.Qc2 Bb7 6.Nc3 d5 7.cxd5 exd5 8.Bf4 c6
9.e3 Be7 10.Bd3 Nbd7 11.Rd1 O-O 12.O-O Re8 13.Rfe1 g6 14.h3 Rc8 15.b4 c5
16.bxc5 bxc5 17.Rb1 cxd4 18.Nxd4 Qa5 19.Rxb7 Rxc3 20.Qd2 Rxa3 21.Qxa5 Rxa5
22.Nc6 Ra2 23.Nxe7+ Rxe7 24.Rc1 Kg7 25.Rcc7 h6 26.Bd6 Re6 27.Rxd7 Nxd7 28.Rxd7 Rd2
29.Bf1 Rd1 30.g4 d4 31.Bc5 dxe3 32.Rxd1 e2 33.Bxe2  1-0

[Event "Wch Team"]
[Site "Luzern"]
[Date "1993.??.??"]
[Round "2"]
[White "Olafsson, Helgi"]
[Black "Zagrebelny, Sergey"]
[Result "1/2-1/2"]
[WhiteElo "2530"]
[BlackElo "2535"]

1.d4 Nf6 2.c4 e6 3.Nf3 b6 4.a3 d5 5.cxd5 exd5 6.Nc3 Be7 7.Qa4+ c6 8.g3 Ne4
9.Bf4 O-O 10.Bg2 Nxc3 11.bxc3 Ba6 12.Bxb8 Bb5 13.Qb3 Rxb8 14.Ne5 Bd6 15.c4 dxc4
16.Nxc4 Re8 17.e3 Bxc4 18.Qxc4 c5 19.dxc5 Bxc5 20.O-O Qe7 21.a4 Red8 22.Rfd1 a5
23.Rd5 Rxd5 24.Bxd5 g6 25.Rd1 Kg7 26.Kg2 Rd8 27.e4 Qf6 28.Qc2 Rc8 29.Rd3 Bd4
30.Qd2 Bc3 31.Qe2 Rc7 32.h4 h5 33.f4 Qe7 34.e5 Qb4 35.e6 Re7 36.f5 gxf5 37.Qxh5 fxe6
38.Qg5+ Kf8 39.Bc6 Bd4 40.Qf4 Qc5 41.Bb5 Qd5+ 42.Kh2 e5 43.Qxf5+ Rf7 44.Qc8+ Kg7
45.Qg4+ Kf8 46.Qc8+ Kg7 47.Qg4+ Kf8 48.Qc8+ Kg7  1/2-1/2

[Event "Wch Team"]
[Site "Luzern"]
[Date "1993.??.??"]
[Round "6"]
[White "Akopian, Vladimir"]
[Black "Romanishin, Oleg M"]
[Result "1-0"]
[WhiteElo "2600"]
[BlackElo "2615"]

1.d4 Nf6 2.c4 e6 3.Nf3 b6 4.a3 Bb7 5.Nc3 g6 6.Qc2 Bxf3 7.gxf3 Nc6 8.e3 Bg7
9.f4 O-O 10.Bg2 Na5 11.Ne2 d5 12.cxd5 exd5 13.O-O c6 14.Bd2 Nc4 15.Bb4 Re8
16.b3 Nd6 17.Qxc6 Nde4 18.Bh3 Bf8 19.Be1 a6 20.f3 Nd6 21.Bf2 Ra7 22.Qc2 a5
23.a4 b5 24.axb5 Nxb5 25.Qd3 Rb7 26.Ng3 Bb4 27.Rac1 Nd6 28.Rc6 Qb8 29.Ra1 Rc7
30.Rac1 Rxc6 31.Rxc6 Qb7 32.Qa6 Qxa6 33.Rxa6 Kg7 34.Ne2 Rb8 35.f5 Rc8 36.fxg6 Rc2
37.Nf4 hxg6 38.Nd3 Nb5 39.Rb6 Nc3 40.Rb7 Ne8 41.Rd7 Kf8 42.Bh4 Nd1 43.Ne5 Rc7
44.Rd8 Be7 45.Nd7+ Rxd7 46.Bxd7 Bxd8 47.Bxd8 Nxe3 48.Bxa5 Ke7 49.Bc6 Nf6
50.Bb4+ Ke6 51.Kf2 Nf5 52.Bc5 Nd7 53.b4 Nxc5 54.dxc5 Nd4 55.Ba4 Ke5 56.b5 Ne6
57.c6 Kd6 58.b6  1-0

[Event "Madrid-B"]
[Site "Madrid"]
[Date "1993.??.??"]
[Round "?"]
[White "Gallego, Victoriano"]
[Black "De la Cruz Lopez, Jesus"]
[Result "1-0"]
[WhiteElo "2375"]
[BlackElo "2365"]

1.d4 Nf6 2.c4 e6 3.Nf3 b6 4.a3 Bb7 5.Nc3 d5 6.cxd5 exd5 7.g3 Bd6 8.Bg2 O-O
9.O-O Nbd7 10.Nb5 Be7 11.Bf4 Ne8 12.Rc1 c6 13.Nc3 Ndf6 14.Ne5 Nd6 15.Na2 Rc8
16.Nb4 Qe8 17.Bh3 Rc7 18.Qa4 Nb5 19.Qxb5 cxb5 20.Rxc7 a5 21.Rxb7 axb4 22.axb4 Nh5
23.Ra1 Nxf4 24.Bd7 Nxe2+ 25.Kf1 Qd8 26.Nc6 Nxd4 27.Nxd8 Rxd8 28.Bxb5 Bxb4
29.Rxb6 g6 30.Kg2 Ne6 31.Bd3 Bc5 32.Rb5 h5 33.b4 Bd4 34.Rc1 h4 35.Rb7 h3+
36.Kxh3 Bxf2 37.Kg2 Be3 38.Rc6 Ra8 39.Rc2 Ra1 40.h4  1-0

[Event "Pirc mem"]
[Site "Maribor"]
[Date "1993.??.??"]
[Round "?"]
[White "Kozul, Zdenko"]
[Black "Grosar, Aljosa"]
[Result "1-0"]
[WhiteElo "2550"]
[BlackElo "2480"]

1.d4 Nf6 2.Nf3 e6 3.c4 b6 4.a3 Bb7 5.Nc3 d5 6.cxd5 exd5 7.g3 Bd6 8.Qa4+ c6
9.Bg2 O-O 10.O-O Nbd7 11.Bg5 Re8 12.Rad1 h6 13.Bc1 Ne4 14.Nxe4 dxe4 15.Ne5 Qc7
16.Ng4 Nf8 17.Qc2 c5 18.d5 Qe7 19.Ne3 Rad8 20.Nf5 Qe5 21.Bh3 Ng6 22.b3 Bf8
23.d6 Qf6 24.d7 Re6 25.Ne3 Rd6 26.Rxd6 Qxd6 27.Rd1 Qe5 28.Bb2 Qg5 29.Bf5 Bc6
30.Kf1 Ne7 31.h4 Qh5 32.Bh3 f5 33.Qc4+ Qf7 34.Nxf5 Qxc4 35.bxc4 Nxf5 36.Bxf5 Be7
37.Be5 Rf8 38.Be6+ Kh7 39.Bd6 e3 40.f4  1-0

[Event "Pirc mem"]
[Site "Maribor"]
[Date "1993.??.??"]
[Round "?"]
[White "Cebalo, Miso"]
[Black "Grosar, Aljosa"]
[Result "1-0"]
[WhiteElo "2485"]
[BlackElo "2480"]

1.d4 Nf6 2.Nf3 e6 3.c4 b6 4.a3 Bb7 5.Nc3 g6 6.Qc2 Bxf3 7.gxf3 Nc6 8.d5 Ne7
9.e4 Bg7 10.Be2 d6 11.f4 O-O 12.Be3 c6 13.dxe6 fxe6 14.O-O-O d5 15.h4 Qe8
16.Kb1 Rd8 17.Rhg1 Kh8 18.e5 Nh5 19.Bxh5 gxh5 20.Ne2 Nf5 21.cxd5 cxd5 22.Nd4 Rc8
23.Qe2 Nxd4 24.Rxd4 Bh6 25.Ka2 Rf5 26.Qa6 Rc7 27.Rc1 Rxc1 28.Bxc1 Qc6 29.Be3 Rf7
30.Qe2 Rf5 31.Qd1 b5 32.Qd2 Bf8 33.Kb1 Be7 34.Rd3 Bxh4 35.Qa5 Rf7 36.Rc3 Qd7
37.Qa6 Be7 38.Rc6 d4 39.Bd2 h4 40.Rxe6 Bf8 41.Rf6 Qd5 42.Rxf7 Qxf7 43.Qc8 Kg8
44.Ka1 Qc4 45.Qg4+ Bg7 46.Qxh4 Qf1+ 47.Ka2 Qc4+ 48.Kb1 Qd3+ 49.Kc1 Qf1+ 50.Kc2 Qc4+
51.Kd1 Qf1+ 52.Be1 Qd3+ 53.Kc1 Qc4+ 54.Kd2 b4 55.Qd8+ Bf8 56.Qg5+ Bg7 57.Qf5 bxa3
58.bxa3 Bh6 59.e6 Qc7 60.Kd3 Bxf4 61.Bb4 Bd6 62.Qg5+ Kf8 63.Qf4+ Ke7 64.Qf7+ Kd8
65.Ba5  1-0

[Event "Matra op"]
[Site "Matra"]
[Date "1993.??.??"]
[Round "?"]
[White "Bali, Janos"]
[Black "Eismont, Oleg"]
[Result "0-1"]
[WhiteElo "2235"]
[BlackElo "2440"]

1.d4 Nf6 2.c4 e6 3.Nf3 b6 4.a3 Ba6 5.Qa4 c5 6.dxc5 bxc5 7.Bf4 Qb6 8.Qc2 Be7
9.e3 O-O 10.Be2 d6 11.O-O h6 12.h3 Nc6 13.Nc3 Rfd8 14.Rfd1 Rac8 15.Rab1 Na5
16.Nd2 d5 17.Na4 Qc6 18.Bf3 Qe8 19.b3 d4 20.Nb2 Nc6 21.Nd3 Bf8 22.Ne4 Nxe4
23.Bxe4 dxe3 24.fxe3 Bb7 25.Ne5 Ba8 26.Nxc6 Bxc6 27.Be5 f5 28.Bf3 Bxf3 29.gxf3 Qc6
30.Qg2 Rd7 31.f4 Qxg2+ 32.Kxg2 Rcd8 33.Rxd7 Rxd7 34.b4 g5 35.b5 Bg7 36.Bb8 Rb7
37.Bxa7 Rxa7 38.b6 Rb7 39.Rb3 Bc3 40.Rxc3 Rxb6 41.Kf3 Ra6 42.e4 Kf7 43.exf5 exf5
44.Kg3 Kf6 45.Kf3 Re6 46.fxg5+ hxg5 47.Rd3 Ra6 48.Rd5 Rxa3+ 49.Kg2 Ra5 50.Kf3 Kg6
51.Kg3 Ra3+ 52.Kg2 f4 53.Rxc5 Ra2+ 54.Kg1 Kh5 55.Rd5 Rc2 56.c5 Kh4 57.Kf1 Rh2
58.Rd3 Rc2 59.Rd5 Rc3 60.Kf2 Rxh3 61.c6 Rc3 62.Rd6 Kg4 63.Rg6 Rc2+ 64.Ke1 Kf3
65.Rxg5 Rxc6 66.Rg8 Rc1+  0-1

[Event "Minsk"]
[Site "Minsk"]
[Date "1993.??.??"]
[Round "?"]
[White "Golod, Vitali"]
[Black "Dragomarezkij, Evgeni"]
[Result "1/2-1/2"]
[WhiteElo "2485"]
[BlackElo "2465"]

1.d4 Nf6 2.c4 e6 3.Nf3 b6 4.a3 Bb7 5.Nc3 d5 6.cxd5 exd5 7.g3 Be7 8.Bg2 O-O
9.O-O c5 10.Bf4 Na6 11.Qc2 Qc8 12.Rfd1 Rd8 13.Rac1 Nc7 14.Qb1 Ne6 15.Bh3 Ne4
16.Qa2 Nxc3 17.bxc3 Qc6 18.Be3 Bf6 19.Bg2 Qa4 20.Bd2 Rac8 21.Qb2 cxd4 22.Nxd4 Nc5
23.Bh3 Rb8 24.Qb4 Qe8 25.Bf4 Ra8 26.Nb5 Na6 27.Qb1 Qe7 28.Bg2 Nc5 29.Rc2 Ne6
30.Be3 a6 31.Nd4 b5 32.Qa2 Rac8 33.Nf5 Qc7 34.Bxd5 Bxd5 35.Rxd5 Rxd5 36.Qxd5 Rd8
37.Qb3  1/2-1/2

[Event "BLR-ch"]
[Site "Minsk"]
[Date "1993.??.??"]
[Round "?"]
[White "Ryskin, Alexander"]
[Black "Smirnov, Valerij"]
[Result "1-0"]
[WhiteElo "2505"]
[BlackElo "2340"]

1.d4 Nf6 2.c4 e6 3.Nf3 b6 4.a3 Ne4 5.Bf4 Bb7 6.Nbd2 f5 7.e3 Be7 8.Nxe4 fxe4
9.Nd2 c5 10.d5 exd5 11.cxd5 Bxd5 12.Bc4 Bxc4 13.Nxc4 d5 14.Qh5+ g6 15.Qe5 O-O
16.Rd1 Bf6 17.Qe6+ Kh8 18.Rxd5 Qe8 19.Qxe8 Rxe8 20.h4 Nc6 21.h5 gxh5 22.Rdxh5 Re7
23.Rh6 Re6 24.Bg5 Rf8 25.Bxf6+ Rexf6 26.Rxh7+ Kg8 27.Rh8+ Kf7 28.Rxf8+ Kxf8
29.Ke2 Rg6 30.g3 Rg4 31.Rh6 Nd8 32.Rh8+ Ke7 33.Rh7+ Ke6 34.Rxa7 b5 35.Nd2 Nc6
36.Rb7 b4 37.a4 Kd5 38.Rd7+ Ke6 39.Rh7 Na5 40.Rh5 Kd6 41.Rf5 Kc6 42.Re5  1-0